Guide pour le calcul prévisionnel des quanlités de résidus de pesticides apportées par alimentation

Salvato in:
Dettagli Bibliografici
Autore principale: OMS
Natura: Libro
Lingua:Undetermined
Pubblicazione: Genève OMS
Soggetti:
Tags: Aggiungi Tag
Nessun Tag, puoi essere il primo ad aggiungerne! !
Thư viện lưu trữ: Trung tâm Học liệu Trường Đại học Cần Thơ
LEADER 00529nam a2200169Ia 4500
001 CTU_6859
008 210402s9999 xx 000 0 und d
082 |a 664.07 
082 |b O.68 
100 |a OMS 
245 0 |a Guide pour le calcul prévisionnel des quanlités de résidus de pesticides apportées par alimentation 
245 0 |c OMS 
260 |a Genève 
260 |b OMS 
650 |a food poisoning,pesticides 
904 |i Nguyễn Quang Điền, 960826 
980 |a Trung tâm Học liệu Trường Đại học Cần Thơ